Four Letter Asian Geography #2 - Statistics

General Stats
  • This quiz has been taken 1,825 times
  • The average score is 12 of 22
Answer Stats
Clue Answer % Correct
Most populous island of Indonesia Java
90%
Staple crop of East Asia Rice
90%
Salty inland sea that borders Jordan Dead
87%
Ancient luxury fabric of China Silk
87%
Japanese city famous for beef Kobe
82%
Country ruled by a Sultan Oman
78%
Second-largest ethnic group in Turkey Kurd
76%
Annual pilgrimage to Mecca Hajj
75%
Capital of Maldives Malé
72%
Martial art created by Kanō Jigorō Judo
70%
Most common Chinese family name Wang
63%
Site of the legendary Homeric war Troy
58%
Currency of Vietnam Dong
48%
Largest Korean island Jeju
39%
Abbreviation of North Korea DPRK
36%
Second biggest Philippine urban area Cebu
34%
Currency of Yemen Rial
33%
Colorful festival of India Holi
29%
Major Russian city near the Kazakhstan border Omsk
28%
Siberian river that starts in Lake Baikal Lena
26%
Ancient city in Lebanon often linked with Sidon Tyre
25%
Parliament of Japan Diet
18%
No matching quizzes found
Score Distribution
Percent of People with Each Score
Percentile by Number Answered
Your Score History
You have not taken this quiz